Châu Âu vẫn bất đồng về thời gian cắt giảm nợ công /

Kaydedildi:
Detaylı Bibliyografya
Müşterek Yazar: Kinh tế Châu Á - Thái Bình Dương.
Materyal Türü: Makale
Dil:Vietnamese
Konular:
Etiketler: Etiketle
Etiket eklenmemiş, İlk siz ekleyin!
Thư viện lưu trữ: Thư viện Trường Đại học Đà Lạt
LEADER 00844nam a2200265 4500
001 DLU130149191
005 ##20130729
040 # # |a DLU  |b vie 
041 # # |a vie 
044 # # |a vn 
245 # # |a Châu Âu vẫn bất đồng về thời gian cắt giảm nợ công /  |c Kinh tế Châu Á - Thái Bình Dương. 
653 # # |a An sinh xã hội 
653 # # |a Nghèo đói 
653 # # |a Suy giảm kinh tế 
710 # # |a Kinh tế Châu Á - Thái Bình Dương. 
773 # # |t Tạp chí Kinh tế Châu Á - Thái Bình Dương   |g Số 10(379), 2012, tr. 5 
920 # # |a Phòng Tạp chí -- Trung tâm Thông tin - Thư viện Trường Đại học Đà Lạt 
994 # # |a DLU 
900 # # |a True 
911 # # |a Nguyễn Thị Linh Chi 
925 # # |a G 
926 # # |a A 
927 # # |a BB 
980 # # |a Thư viện Trường Đại học Đà Lạt